000
00294nam a2200109Ia 4500
008
230907s9999||||xx |||||||||||||| ||und||
082
_a
546
_b
WEL
100
_a
Weller, Mark T.,
_9
115398
245
0
_a
Characterisation methods in inorganic chemistry /
300
_a
xvi, 320 pages :
942
_c
BK
999
_c
598317
_d
598317